Hyderabad: Communal Violence (Record no. 20384)
[ view plain ]
| 000 -LEADER | |
|---|---|
| fixed length control field | 00302nam a22001217a 4500 |
| 082 ## - DEWEY DECIMAL CLASSIFICATION NUMBER | |
| Classification number | 324.245408 KRU |
| 100 ## - MAIN ENTRY--AUTHOR NAME | |
| Author name | Kruizinga, H. |
| 245 ## - TITLE STATEMENT | |
| Title | Hyderabad: Communal Violence |
| 260 ## - PUBLICATION, DISTRIBUTION, ETC. (IMPRINT) | |
| Place of publication | Hyderabad |
| Name of publisher | Henry Martyn Institute |
| Year of publication | 2008 |
| 300 ## - PHYSICAL DESCRIPTION | |
| Number of Pages | 63 |
| 650 ## - SUBJECT ADDED ENTRY--TOPICAL TERM | |
| Topical Term | Hyderabad Communal Violence |
| 942 ## - ADDED ENTRY ELEMENTS (KOHA) | |
| Koha item type | Reading Reference Book |
| Home library | Current library | Date acquired | Source of acquisition | Cost, normal purchase price | Full call number | Accession Number | Koha item type |
|---|---|---|---|---|---|---|---|
| Henry Martyn Institute Library | Henry Martyn Institute Library | 03/31/2017 | Henry Martyh Institute | 50.00 | 324.245408 KRU | 11-3280 | Reading Reference Book |
